000 00673nam a2200265Ia 4500
005 20260302115138.0
008 008 260114s9999 xx 000 0 eng d
020 _a9781474211550
037 _aTextbook
040 _aCRL
040 _beng
040 _cCRL
041 _2eng
041 _aeng
084 _qCRL
100 _aGrace Moore
_91120822
245 4 _aThe Victorian Novel in Context
260 _bBloomsbury
260 _bBloomsbury Academic
260 _c2012
650 _aLiterary Studies
856 _uhttps://dx.doi.org/10.5040/9781474211550?locatt=label:secondary_bloomsburyCollections
942 _cEBOOK
999 _c1685122
_d1685122